Farbivá bazy čiernej (Sambucus nigra) VI. Izolácia frakcií farbív a ich vlastnosti

Bibliographic Details
Main Authors: Drdák, Milan, 1949-2002 (Author), Vorsová, Renáta (Author)
Format: Article
Language:Slovak

MARC

LEADER 00000nab a2200000ua 4500
001 vtls010838731
003 SK-MaSNL
005 20260303103553.0
008 230121s1984 xo |||||||||||||||||slo|
035 |a (urnnbn)urn:nbn:sk:snk:ar-a06w0i 
035 |a urn:nbn:sk:snk-ab61x0 
035 |a (uuid)58c0c220-ce86-480f-b5a4-b12d0ce636ea 
040 |a SNKBUCL  |b slo  |c SNKBUCL  |e AACR2 
041 0 |a slo 
044 |a xo  |c SK 
100 1 |a Drdák, Milan,  |d 1949-2002  |4 aut  |9 218341 
245 1 0 |a Farbivá bazy čiernej (Sambucus nigra)  |b VI. Izolácia frakcií farbív a ich vlastnosti  |c Milan Drdák, Renáta Vorsová 
700 1 |a Vorsová, Renáta  |4 aut  |9 1117510 
773 0 |t Bulletin potravinárskeho výskumu  |g Roč. 23, č. 3 (1984), s. 225-233 
954 |a odborná, vedecká literatúra pôvodná (slovenská)  |2 lita 
958 |a OND 
958 |a EUIPO 
958 |a article5 
999 |c 1850488  |d 1852418